LEADER 00866nam a2200205 i 4500 001 000000234507 003 CaOOAMICUS 005 20141015000000.0 008 141015s1996 it u000 u ita u 013 $a213410 040 $aSeMil$bita 245 10$aPrimi passi della parrocchia di san Martino e della sua chiesa :$b[Bovisio Masciago]. 260 $a[S.l. :$bs.n.],$cstampa 1996. 300 $a131 p. :$bill. ;$c30 cm. 650 4$aBovisio Masciago - Chiese - San Martino.$0(OLS)http://semarc/subject/29383 850 $aSeMil 852 $aSeMil$W1$xVenegono$y1$m3P VI 440$j184853$B184853$CSeMilBibl$Z2$F196357 $81 961 $aOmaggio: Scanziani don Francesco 996 $6245$aPrimi passi della parrocchia di san Martino e della sua chiesa :$b[Bovisio Masciago]$9(OLS)http://semarc/title/334667 996 $6260$a[S.l. :$bs.n.]$9(OLS)http://semarc/publisher/29751 LEADER 00949nam a2200229 i 4500 001 000000199436 003 CaOOAMICUS 005 20110323000000.0 008 110323s1961 it u000 u ita u 013 $a178127 040 $aSeMil$bita 245 10$aFiori a Maria. 260 $a[S.l. :$bs.n.],$c1961$e(Torino :$fPoligrafiche riunite ,$g1961) 300 $a70 p. :$bill. ;$c22 cm. 500 $aVolume edito a cura della direzione spirituale del 5. pellegrinaggio aziendale Fiat a Lourdes, 6-12 maggio 1961. - Fondo card. Giovanni Colombo. - In custodia. 650 4$aMadonna - Letteratura - Poesia - Testi.$0(OLS)http://semarc/subject/15585 850 $aSeMil 852 $aSeMil$W1$xVenegono$y1$m3GC III 7$j149989$B149989$CSeMilBibl$Z2$F161343 $8B 941 1 $a3 961 $aLascito: Colombo Card. Giovanni 996 $6245$aFiori a Maria$9(OLS)http://semarc/title/288360 996 $6260$a[S.l. :$bs.n.]$9(OLS)http://semarc/publisher/29751